Statistics for SMITE Guardians

Click here to take the quiz!

General Stats

  • This quiz has been taken 93 times
  • The average score is 13 of 18

Answer Stats

Year AddedPantheonGod% Correct
2012NorseYmir
89%
2013GreekAthena
85%
2015EgyptianKhepri
84%
2017CelticArtio
82%
2017HinduGanesha
79%
2014EgyptianGeb
77%
2014MayanCabrakan
75%
2012RomanBacchus
74%
2015ChineseXing Tian
74%
2012GreekAres
72%
2019NorseJormungandr
69%
2014RomanSylvanus
69%
2012EgyptianSobek
67%
2018RomanCerberus
64%
2016NorseFafnir
61%
2016RomanTerra
57%
2014HinduKumbhakarna
49%
2017JapaneseKuzenbo
48%

Score Distribution

Percentile by Number Answered

Percent of People with Each Score

Your Score History

You have not taken this quiz